Les Séleucides - Statistiques

Statistiques générales
  • Ce quiz a été pris 19 fois
  • Le résultat moyen est 6 sur 11
Statistiques - réponses
Questions : Réponse % Correct
Sous quel roi l'empire Séleucide atteint-il son apogée, restaurant la puissance de l'empire en reconquérant des territoires perdus ? (222-187 av J.-C) Antiochos III
100%
Comment se nomme le diadoque d'Alexandre le Grand fondateur de l'Empire Séleucide Séleucos Ier
79%
Qui est son successeur dès 281 av J.-C ? Antiochos Ier
64%
Nom de la série de guerre opposant les Séleucides aux Ptolémées et Lagides Guerre de Syrie
64%
Quel peuple s'attaque à l'Extrême-Orient de l'Empire ? Parthes
64%
Quel traité, signé en 188 av J.-C scelle le repli des forces séleucides en Asie Mineure au profit des Romains ? Apamée
50%
Dans quelle région, du fait d'une autorité royale déclinante, des anciennes satrapies perses créent leur propre royaume à l'extrême-orient de l'Empire? Bactriane
43%
Comment est nommé l'entourage du roi Séleucide ? Les Philoi en grec obtenaient des titres honorifiques selon leur proximité. Ami
36%
Nom de la région où les Séleucides instaure leur capitale. Babylonie
36%
En quelle année Pompée, homme d'état romain réduit l'Empire en Province 63 av J.-C
21%
Quel autre nom porte la Tétrapole syrienne, abritant la capitale d'Antioche ? Syrie Séleucide
14%
Aucun quiz correspondant
Distribution des résultats
% des personnes avec chaque résultat
Percentile par nombre de réponses
Votre historique - résultats
Vous n’avez pas pris ce quiz